• 首页
  • 本馆介绍
  • 公告通知
  • 最新文献
  • 馆藏检索
  • 电子资源
  • 读者导购
  • 参考咨询
  • 我的图书馆
  • 登录
  • 详细信息显示
  • 放入我的书架
  • 预约/预借图书
  • 作者相关作品
  • 分类相关作品
  • 丛书相关作品
  • 出版社相关作品

书目信息

  • 表格格式
  • 工作单格式
  • 卡片格式
题名:
影视绿幕技术完全手册
    
 
作者: 福斯特 编著 ;邵佳阳 , 兰渊琴 译
分册:  
出版信息: 北京   人民邮电出版社  2012
页数: 362页
开本: 26cm
丛书名:
单 册:
中图分类: J916
科图分类:
主题词: 电影特技
电子资源:
ISBN: 978-7-115-28045-9
000 01153nam0 2200289 45
001 1354543577
005 20130510102203.70
010    @a978-7-115-28045-9@dCNY138.00
100    @a20130108d2012 em y0chiy50 ea
101 1  @achi@ceng
102    @aCN@b110000
105    @aa z 000yy
106    @ar
200 1  @a影视绿幕技术完全手册@AYing Shi Lu^ Mu Ji Shu Wan Quan Shou Ce@e拍摄、抠像与合成@EPai She、 Kou Xiang Yu He Cheng@f(美)Jeff Foster编著@F( Mei )Jeff Foster Bian Zhu@g邵佳阳,兰渊琴译
210    @a北京@c人民邮电出版社@d2012
215    @a362页@c图@d26cm@e附光盘1片
305    @a由Wiley Publishing公司授权出版
307    @a附光盘:ISBN 978-7-89443-867-6
330    @a本书内容涵盖前期拍摄到最终合成的整个流程。本书从早期电影开始,讲述了电影绿幕拍摄的由来以及现代绿幕拍摄中所需要掌握的专业技巧和概念。
517 1  @a拍摄、抠像与合成@APai She、 Kou Xiang Yu He Cheng
606 0  @a电影特技
690    @aJ916@v5
701  0 @g(美)@a福斯特@AFu Si Te@g(Foster, Jeff)@4编著
702  0 @a邵佳阳@AShao Jia Yang@g(影视制作)@4译
702  0 @a兰渊琴@ALan Yuan Qin@4译
801    @aCN@bTANGWEI@c20130109
905    @b0830770-72@dJ916@e250@f3
    
    影视绿幕技术完全手册:拍摄、抠像与合成/(美)Jeff Foster编著/邵佳阳,兰渊琴译.-北京:人民邮电出版社,2012
    362页:图;26cm+附光盘1片
    
    
    ISBN 978-7-115-28045-9:CNY138.00
    本书内容涵盖前期拍摄到最终合成的整个流程。本书从早期电影开始,讲述了电影绿幕拍摄的由来以及现代绿幕拍摄中所需要掌握的专业技巧和概念。
●
相关链接 在E读中查询图书 在五车中查询图书 在当当中查询图书 在豆瓣中查询图书


正题名:影视绿幕技术完全手册     索取号:J916/250         预约/预借

序号 登录号 条形码 馆藏地/架位号 状态 备注
1 0830770   208307704   第一样本阅览室/ [索取号:J916/250] 在馆    
2 0830771   208307713   第一借阅区/ [索取号:J916/250] 在馆    
3 0830772   208307722   第一借阅区/ [索取号:J916/250] 在馆    
唐山师范学院图书馆 欢迎您!
大连网信软件有限公司© 版权所有